000
00231nam a22000977a 4500
999
_c
8098
_d
8099
008
190708b ||||| |||| 00| 0 eng d
245
_a
The Qur`an
260
_b
Almuntada alislam,
_c
2009.
300
_a
vii, 694 p.
_c
14 cm.
942
_2
ddc